000 01983nam0a2200373 4500
001 RU\NLR\bibl\173591
005 20260405154428.0
010 _a5-299-00053-7
_91000
021 _aRU
_b2001-11155
_9524
035 _a(NLR Aleph) 000170351
090 _a981601
_c981601
100 _a20010801d2000 |||y0rusy50 ca
101 0 _arus
102 _aRU
105 _ay |||||||||
200 1 _aМир музея
_eУчеб. пособие для учителей нач. шк.
_fН.Д. Соколова, Б.А. Столяров, Н.Н. Бельфор
_gМ-во образования Рос. Федерации, Рос. гос. пед. ун-т им. А.И. Герцена и др.
210 _aСПб.
_cСпецЛит
_d2000
215 _a125,[2] с.
_d22
300 _aНа обл. авт.: Н.Д. Соколова
300 _aВ надзаг. также: Рос. акад. образования. Сев.-Зап. отд-ние, М-во культуры Рос. Федерации, Гос. Рус. музей, Муз.-пед. прогр. "Здравствуй, музей!"
320 _aБиблиогр. в конце тем и в подстроч. прим.
606 1 _aДети младшего школьного возраста
_xХудожественное воспитание
_92538787
_3RU\NLR\AUTH\661503204
606 0 _aХудожественное воспитание
_xНачальная школа
_91920492
_3RU\NLR\auth\661164814
686 1 _aЧ421.355-2,01
700 1 _4070
_8rus
_7ca
_aСоколова
_bН. Д.
_cискусствовед
_gНаталья Дмитриевна
_3RU\NLR\auth\7765367
_948296
701 1 _aСтоляров
_bБ. А.
_gБорис Андреевич
_4070
701 1 _aБельфор
_bН. Н.
_gНадежда Николаевна
_4070
801 0 _aRU
_bNLR
_c20010801
_gPSBO
801 1 _aRU
_bNLR
_c20010801
830 _aАвт. по кн.
942 _cBOOK
980 _aNB